000 00498nam a2200193Ia 4500
005 20250923144726.0
008 008 250917s9999 xx 000 0 eng d
037 _aTextual
040 _aDSWL
_beng
_cDSWL
041 _aeng
_2eng
084 _qDSWL
100 _aDalal, A.R..
_9827790
245 0 _aBombay to day and tommorrow
_cby A.R. Dalal
260 _aBombay
_bKitab Mahal
_c1930
365 _aINR
_b7.50
925 _g7.50
942 _cTEXL
999 _c1442549
_d1442549